Practical approaches to the conservation of biological diversity / (Registro nro. 2555)

Detalles MARC
000 -CABECERA
Campo de control 01015cam a2200253 i 4500
005 - FECHA Y HORA DE LA ULTIMA TRANSACCION
Campo de control 20200104041533.0
008 - ELEMENTOS DE LONGITUD FIJA—INFORMACION GENERAL
Campo de control 980520s1999 dcuab b 101 0 eng
020 ## - ISBN
ISBN 1559635436 (cloth : alk. paper)
020 ## - ISBN
ISBN 1559635444 (pbk. : alk. paper)
040 ## - FUENTE DE CATALOGACIÓN
Agencia catalogadora original DLC
Agencia transcriptora DLC
Agencia Modificadora DLC
-- CO-BoIAVH
041 0# - IDIOMA
Código de idioma para texto/pista de sonido o título separado Inglés
082 04 - NUMERO DE CLASIFICACION DECIMAL DEWEY
Número de clasificación 333.9516
Número del ítem P89p
245 00 - MENCION DE TITULO
Título Practical approaches to the conservation of biological diversity /
Mención de responsabilidad edited by Richard K. Baydack, Henry Campa III, and Jonathan B. Haufler.
260 ## - PUBLICACION, DISTRIBUCION, ETC. (PIE DE IMPRENTA)
Lugar de publicación, distribución, etc. Washington, D.C. :
Nombre del editor, distribuidor, etc. Island Press,
Fecha de publicación, distribución, etc. c1999.
300 ## - DESCRIPCION FISICA
Extensión xiv, 313 páginas :
Otros detalles físicos ilustraciones y mapas ;
Dimensiones 24 cm.
504 ## - NOTA DE BIBLIOGRAFIA, ETC.
Nota de bibliografía Incluye referencias bibliográficas e índice.
650 14 - ASIENTO SECUNDARIO DE MATERIA - TERMINO TEMATICO
Término temático o nombre geográfico como elemento de entrada Conservación de la diversidad biológica
9 (RLIN) 57532
650 24 - ASIENTO SECUNDARIO DE MATERIA - TERMINO TEMATICO
Término temático o nombre geográfico como elemento de entrada Diversidad biolólogica
9 (RLIN) 57533
650 24 - ASIENTO SECUNDARIO DE MATERIA - TERMINO TEMATICO
Término temático o nombre geográfico como elemento de entrada Protección del medio ambiente
9 (RLIN) 271
700 1# - ASIENTO SECUNDARIO - NOMBRE PERSONAL
Nombre personal Baydack, Richard Kenith,
Término de relación editor.
9 (RLIN) 57535
700 1# - ASIENTO SECUNDARIO - NOMBRE PERSONAL
Nombre personal Campa, Henry,
Término de relación editor.
9 (RLIN) 57536
700 1# - ASIENTO SECUNDARIO - NOMBRE PERSONAL
Nombre personal Haufler, Jonathan B,
Término de relación editor.
9 (RLIN) 16505
942 ## - ELEMENTOS ADICIONALES (KOHA)
Sistema de clasificación Dewey Decimal Classification
Tipo de ítem Libro
Existencias
Withdrawn status Lost status Sistema de Clasificación Damaged status No para préstamo Colección Inventariado Ubicación Permanente Ubicación actual Fecha de adquisición Fuente de Valor Valor Total Checkouts Número topográfico Inventario / Código de Barras Date last seen Ejemplar Price effective from Forma de adquisición Tipo de material
    Dewey Decimal Classification     General Inventariado 2017 Bogotá Bogotá 12/02/2002 Instituto 39000.00   LB-333.9516 P89p 003150 04/12/2012 Ej. 1 04/12/2012   Libro